000 02425cam a22006374i 4500
003 PE-LiUPU
005 20250731170500.0
008 150616s1991 mx a r 000 0 spa d
020 _a9681837673
020 _a9789681837679
035 _a(Sirsi) i9789681837679
040 _aPE-LiUPU
_bspa
_cPE-LiUPU
_erda
049 _aPRUA
082 0 4 _a155.9
_bH71
_221
100 1 _aHolahan, Charles J.,
_eautor.
245 1 0 _aPsicología Ambiental /
_cCharles J. Holahan.
264 1 _aMéxico :
_bLimusa,
_c1991.
300 _a467 páginas :
_bilustraciones ;
_c23 centímetros
336 _atext
_2rdacontent
337 _aunmediated
_2rdamedia
338 _avolume
_2rdacarrier
505 0 _aNaturaleza e historia de la psicología ambiental -- Percepción del ambiente -- Conocimiento ambiental -- Actitudes ambientales -- Rendimiento escolar y laboral -- Stress ambiental -- Aglomeración -- Primacía y territorialidad -- Espacio personal -- Afiliación y solidaridad en el ambiente urbano -- Ambiente y conducta: un marco unificador.
526 _aSEG68
526 _aSEG70
526 _aSEG69
526 _aSEG67
526 _aSEG43
526 _aP144
526 _aP143
526 _aP131
526 _aP122
526 _aP120
526 _aP117
526 _aP112
526 _aP110
526 _aP106
526 _aP101
526 _aP80
526 _aP59
526 _aP54
526 _aP35
526 _aP33
526 _aP30
541 _g002-00001571;
650 0 4 _aPsicología ambiental.
910 _ajck
_bjvq
_cjck
910 _bksl
_cksl
_d20190527
910 _abgr
_bncf
_cncf
_d20190813
942 _2ddc
_cBOOK
949 _a155.9 H71
_wDEWEY
_c1
_i35913
_d2015-11-8
_e2015-11-8
_lCCODEBUL1
_mBUL
_n2
_r0
_sY
_tBOOK
_u2015-6-16
_xEDUCACION
_PP20
_0COMPRA
_o.STAFF. Colección Ciencias Humanas y Educación
994 _aC0
_bPEPRU
596 _a1
999 _a155.9 H71
_wDEWEY
_c60468
_i35913
_d60468
_e2015-11-8
_f2019-12-11
_g5
_lDISCARD
_mBUL
_n2
_p30.00
_q1
_r0
_sY
_tBOOK
_u2015-6-16
_xEDUCACION
_PP20
_0COMPRA
_o.STAFF. Colección Ciencias Humanas y Educación
999 _a155.9 H71
_wDEWEY
_c2
_i80147
_f2021-11-3
_g3
_lCCODEBUL1
_mBUL
_p35.48
_r0
_sY
_tBOOK
_u2019-8-13
_xSALUD
_zP33
_0COMPRA
_1FCOMPR3
_o.STAFF. Colección Ciencias de la Salud
980 _81
_gALBERTO SANCHEZ Responsable de Automatización